| 000 | 00403nam a2200145Ia 4500 | ||
|---|---|---|---|
| 008 | 150201s1990 xx 000 0 und d | ||
| 082 |
_a617.6 _bL1990B |
||
| 100 | _aBONONI, S.R. | ||
| 245 | _aMONHEIMS LOCAL ANESTHESIA AND PAIN CONTROL IN DENTAL PRACTICE | ||
| 250 | _a7TH | ||
| 260 |
_bC.B.S PUBLISHERS & DISTRIBUTERS _aDELHI _c1990 |
||
| 300 | _a1-404 | ||
| 650 | _aORAL SURGERY | ||
| 942 |
_2ddc _cBK _089 |
||
| 999 |
_c2864 _d2864 |
||